| 000 | 00678nam a22001817a 4500 | ||
|---|---|---|---|
| 003 | OSt | ||
| 005 | 20250623040122.0 | ||
| 008 | 250618b |||||||| |||| 00| 0 eng d | ||
| 020 | _a0-8264-0520-7 | ||
| 040 |
_aDWCL - Main lib _cOC |
||
| 082 | _aCirc. 363.7 M918 1991 | ||
| 100 | _aScherff, Judith S. | ||
| 245 |
_aThe mother earth handbook: _bwhat you need to know and do at home, in your community, and through your church to help heal our planet now/ _cJudith S. Scherff |
||
| 260 |
_aNew York: _bThe Continuum Publishing Company, _cc1991 |
||
| 300 |
_a320 pages; _c23cm. |
||
| 650 | _a1. Environmental protection - Citizen participation. | ||
| 942 |
_2ddc _cBK-CIRC _kCirc. _n0 |
||
| 999 |
_c3145 _d3145 |
||